000 00441cam a2200193ua 4500
001 8745
005 20260515114355.0
008 150213n ii |||gr||||Z||||||eng
020 _a8123743424
040 _cMAIN
041 _aeng
082 _a823N
100 _aBano, J.,
_eAuthor.
245 1 _aAlien home & other stories
_cBy Jeelani Bano
250 _a1st.
260 _aNew Delhi:
_bNational,
_c2004.
300 _a154p.
942 _cBK
999 _c7836
_d7836